000 00358nam a2200145Ia 4500
008 150201s2013 xx 000 0 und d
082 _a611
_bA13E
100 _aEROSCHENKO, VICTOR P.
245 _aDIFORE,S ATLAS OF HISTOLOGY
250 _a12TH
260 _bWOLTERS KLUWER
_aDELHI
_c2013
300 _a1-603
650 _aHUMAN ANATOMY
942 _2ddc
_cBK
_08
999 _c1423
_d1423